000 00764cam a2200217 4500
008 000000n1999 000 0 eng u
020 _a0101428626
035 _a(Sirsi) u100178
041 _aeng
050 _a388.181
_c18
110 _aMonopolies and Mergers Commission
_9715
245 _aMilk
_ba report on the supply in Great Britain of raw cows' milk
260 _aLondon
_bStationery Office
_c1999
300 _avi, 52p.
_c30cm.
350 _a42.50
490 _aCm
_v4286
690 _aENVIRONMENTAL AND LAND CONSULTANCY-AGRIBUSINESS-AGRICULTURE
710 _aCompetition Commission
_93770
856 _uhttps://www.competition-commission.org.uk/rep_pub/reports/1999/429milk.htm
_zView the report at www.competition-commission.org.uk...
942 _n0
999 _c99628
_d99628